00706nam a2200217Ia 450000500170000000800410001702000100005804000190006804100120008708200170009910000230011624500620013926000480020130000230024950400500027265000300032285000100035294200070036299900160036995201030038520230717111512.0131103s9999 xx 000 0 und d cRs.50 aLoreto College aEnglish a915.425bCHI aChib,Sukhdev Singh aThis beautiful Indiab Uttar Pradesh cSukhdev Singh Chib aNew DelhibLight & Life Publisherscc 1978  aviii,199 p.b ill. aIncludes bibliographical references and index aUttar Pradesh - Geography aLCLIB cBK c3550d54029 00102ddc4070aMAINbMAINd2013-11-04l0o915.425 CHI 26701pB3416r2013-11-04w2013-11-04yBKf